Alas y olas / (Record no. 70460)

MARC details
000 -LEADER
campo de control de longitud fija 00542nam a2200181 i 4500
001 - NÚMERO DE CONTROL
campo de control 70460
003 - IDENTIFICADOR DE NÚMERO DE CONTROL
campo de control ES-MaACL
005 - FECHA Y HORA DE LA ÚLTIMA TRANSACCIÓN
campo de control 20230906170825.0
007 - CAMPO FIJO DE DESCRIPCIÓN FÍSICA--INFORMACIÓN GENERAL
campo de control de longitud fija t|
008 - DATOS DE LONGITUD FIJA--INFORMACIÓN GENERAL
campo de control de longitud fija 040726s1965 sp ||||1| spa d
100 1# - ENTRADA PRINCIPAL--NOMBRE DE PERSONA
Nombre de persona García Ulecia, Alberto.
9 (RLIN) 55349
245 10 - MENCIÓN DEL TÍTULO
Título Alas y olas /
Mención de responsabilidad, etc. Alberto García Ulecia ; ilustraciones de Cloweiller.
260 ## - PUBLICACIÓN, DISTRIBUCIÓN, ETC.
Lugar de publicación, distribución, etc. [Sevilla :
Nombre del editor, distribuidor, etc. s.n.,
Fecha de publicación, distribución, etc. 1965] (
Fabricante Gráf. del Sur)
300 ## - DESCRIPCIÓN FÍSICA
Extensión 38 p. :
Otras características físicas il. ;
Dimensiones 20 cm.
700 1# - ENTRADA AGREGADA--NOMBRE PERSONAL
Nombre de persona Cloweiller,
Término indicativo de función/relación
9 (RLIN) 206845
852 ## - LOCALIZACIÓN
Ubicación ES-MaACL
Número de control de estantería 2046-F-17
Sublocalización o colección R.60099
Holdings
Estatus retirado Estado de pérdida Estado de daño No para préstamo Colección Biblioteca de origen Biblioteca actual Ubicación en estantería Fecha de adquisición Fuente de adquisición Total de préstamos Signatura topográfica completa Código de barras Visto por última vez Precio de reemplazo Tipo de ítem Koha
        Colección de folletos Biblioteca del Ateneo de Madrid Biblioteca del Ateneo de Madrid Depósito folletos 17/01/2008     2046-F-17 1073781 23/02/2023 23/02/2023 Folleto